000 00175 a2200097 4500
020 _a9781933693675
041 _aeng
100 _aTingle, Tim
245 _aSaltypie
942 _cBK
999 _c9709
_d9709